| 000 | 00503nam a2200193 a 4500 | ||
|---|---|---|---|
| 001 | 1769763990972 | ||
| 003 | YourLibrary | ||
| 005 | 20260131161943.0 | ||
| 008 | 260130s2002##################000#0#eng## | ||
| 020 | _a9780521894036 | ||
| 082 | 0 | 4 |
_a331.8928 _bCHU |
| 100 | 1 |
_aChurch, Roy A., _eauthor. |
|
| 245 | 1 | 0 | _aStrikes and Solidarity : |
| 260 |
_bCambridge University Press, _c2002. |
||
| 300 | _a340 pages | ||
| 650 | 0 | _aHistory. | |
| 942 | _cENGLISH | ||
| 040 |
_aYourLibrary _beng _cYourLibrary |
||
| 999 |
_c609519 _d609519 |
||